| 000 | 00333nam a2200109Ia 4500 | ||
|---|---|---|---|
| 008 | 171211s9999 xx 000 0 und d | ||
| 245 | 4 | _aThe Craft of Rehearsal: Further Reflections on Interpretation and Practice | |
| 245 | _cVictoria Thoms | ||
| 260 | _c2007 | ||
| 650 | _xART | ||
| 856 | _uhttp://down.ebook777.com/062/0820488607.pdf | ||
| 999 |
_c348569 _d348569 |
||